00366nam a22001337a 4500003000400000008004100004020001800045082001600063100001700079245006600096260003700162300001400199650001900213OSt240224b |||||||| |||| 00| 0 eng d a9789356291218 a823.91bGUG aGUPTA, Rajiv aThe Good Indian Employee's Guide to Surviving a Lala Company  aHaryana:bHarper Collins,c2022. axvi,217p. aGeneral Books